000 nam a22 7a 4500
999 _c9340
_d9340
008 180127b ||||| |||| 00| 0 eng d
100 _aMurty,S.
_95590
245 _aWise and Otherwise: A salute to Life
260 _aNew Delhi
_bPenguin
_c2006